02442cam a2200301Ka 4500001001300000005001700013008004100030020001800071020001500089020001800104020001500122020001800137020001500155035003900170040004400209041000800253100003200261245019500293260005400488300003800542500002100580505134700601546002201948650004501970650004702015650004302062650003502105ocn78163567520160809080847.0160809s2011 xxua frb 001 0 eng d a9781579225032 a1579225039 z9781579223625 z1579223621 a9781579223632 z157922363X a(OCoLC)781635675z(OCoLC)787851457 aCo-BoUCMbspacSaul NiñodSaul Niño0 aeng1 aSchroeder, Connie M.d1957-10aComing in from the marginsbfaculty development's emerging organizational development role in institutional changecConnie M. Schroeder ; with contributions by Phyllis Blumberg... [y otros]. aSterling (Virginia, Estados Unidos)bStylusc2011 axii, 304 páginasbilustraciones aIncluye índice0 aFaculty developers as institutional developers: the missing prong of organizational development / Connie M. Schroeder -- Getting to the table: planning and developing institutional initiatives / Nancy van Note Chism -- Nurturing institutional change, collaboration, and leadership between upper level administrators and faculty developers / Devorah Lieberman -- Investigating institutional involvement and change agency / Connie M. Schroeder -- Identifying the factors that enable an organizational development role / Connie M. Schroeder -- Leading from the middle: a faculty development center at the heart of institutional change / Catherine E. Frerichs, Diana G. Pace, and Tamara Rosier -- Informing and directing the planning of institutional priorities and initiatives / Phyllis Blumberg -- Developing and acting on a center vision: case study narratives / Connie M. Schroeder -- Knowing and facilitating organizational change processes, scenarios and approaches / Connie M. Schroeder -- Optimizing center staffing and advisory boards to promote involvement in institutional change / Susan Gano Phillips -- Aligning and revising center mission statements / Connie M. Schroeder -- Embedding centers in institutional strategic planning / Connie M. Schroeder -- Re-centering within the web of institutional leadership / Connie M. Schroeder. aTexto en inglés 7aProfesores xEnseñanzazEstados Unidos 7aAdministradores escolares zEstados Unidos 7aCambio organizacional zEstados Unidos 7aEducación xAdministración